| 000 | 00406nam a22001451a 4500 | ||
|---|---|---|---|
| 082 |
_aH4 _bSHA/S |
||
| 245 |
_aSahithya ki manaviya samsakthi/ _cby Shemim Aliyar P A (ed.) |
||
| 260 |
_aKochi: _bKochin Vijnan Va Proudhyoghiki Vishwavidhyalay, _c2003. |
||
| 300 | _a120p. | ||
| 650 | _aEssays Hindi | ||
| 650 | _aLiterature Hindi | ||
| 650 | _aLiterature | ||
| 700 | _aShemim Aliyar P A (ed.) | ||
| 942 | _cBK | ||
| 999 |
_c39154 _d39154 |
||